| 000 | 00529nam a2200229Ia 4500 | ||
|---|---|---|---|
| 003 | OSt | ||
| 005 | 20260512151719.0 | ||
| 008 | 210210b1992 xxu||||| |||| 00| 0 eng d | ||
| 020 | _a81 237 0144 6 | ||
| 040 | _cAL | ||
| 041 | _aEnglish | ||
| 082 | _a597.96 DEOS | ||
| 100 |
_aDEORAS (P J). _9263812 |
||
| 245 | _aSnakes of India | ||
| 250 | _a3 | ||
| 260 |
_aDelhi _bNational Book Trust _c1992 |
||
| 300 | _axv,160 | ||
| 650 |
_aSnakes India _9263813 |
||
| 690 |
_aZoology _9263814 |
||
| 906 | _a048948 | ||
| 942 |
_2ddc _cBK |
||
| 999 |
_c98044 _d98044 |
||